000 01721cam a22003494a 4500
001 15994621
005 20100923090313.0
008 091120s2011 paua bf 001 0 eng
020 _a9781605479736 (alk. paper)
020 _a160547973X (alk. paper)
035 _a(OCoLC)ocn470694785
040 _aDNLM/DLC
_cDLC
_dYDX
_dNLM
_dYDXCP
_dBWX
_dDLC
082 0 0 _a616.0754
_222
_bHEA
245 0 0 _aHealth Assessment Made Incredibly Visual!.
250 _a2nd ed.
260 _aPhiladelphia :
_bWollters Kluwer/Lippincott Williams & Wilkins,
_cc2011.
300 _avi, 246 p. :
_bcol. ill. ;
_c23 cm.
490 1 _aIncredibly visual
_928880
504 _aIncludes bibliographical references and index.
505 0 _aFundamentals -- Skin, hair, and nails -- Eyes and ears -- Nose, mouth, throat, and neck -- Respiratory system -- Cardiovascular system -- Breasts and axillae -- Gastrointestinal system -- Musculoskeletal system -- Neurologic system -- Genitourinary system -- Pregnancy.
650 0 _aPhysical diagnosis
_vAtlases.
_928881
650 0 _aPhysical diagnosis
_vHandbooks, manuals, etc.
_928882
650 1 2 _aNursing Assessment
_xmethods
_vAtlases.
_928883
650 1 2 _aNursing Assessment
_xmethods
_vHandbooks.
_928884
650 1 2 _aPhysical Examination
_xmethods
_vAtlases.
_928885
650 1 2 _aPhysical Examination
_xmethods
_vHandbooks.
_928886
653 _bNUR
_cFebruary2012
830 0 _aIncredibly visual.
_928887
942 _2ddc
_cBB
999 _c16458
_d16458